000 00901aaa a2200217 a 4500
001 78856
003 BD-RjUL
005 20211209083200.0
008 211122m19551953ua ||||| |||| 00| 0 ara d
035 _a(BD-RjUL)79083
040 _aBD-RjUL
_beng
_cBD-RjUL
041 _aeng
082 _223
_a962.02
_bMAN 1955
100 _a ماجد، عبد المنعم ;; Mazed, Abdul Moneim
_9247905
245 _aنظم الفاطميين ورسومهم في مصر : دراسة شاملة لنظم القصر الفاطمي ورسومه ;; nazam alfatimiiyn warusumahum fi misr /
_cعبد المنعم ماجد ;; Abdul Moneim Mazed,
260 _aالقاهرة :
_bمكتبة الأنجلو المصرية،
_c 1955 [1375]
300 _a174 p. ;
_c23 cm.
504 _aIncludes bibliography
650 _aEgypte -- 969-1171 Fatimides (dynastie).)
_vPolitics and governement.
_9250339
942 _2ddc
_cBK
999 _c78856
_d78856